Taxonomic revision of the Triaspidine braconid wasps of nearctic America (Hymenoptera) (Registro nro. 5815)

Detalles MARC
000 -CABECERA
Campo de control 00372nam a2200133 a 4500
090 ## - CLASIFICACIÓN LOCAL
Colección LB
Consecutivo 05058
041 ## - IDIOMA
Código de idioma para texto/pista de sonido o título separado Inglés
100 ## - ASIENTO PRINCIPAL--NOMBRE PERSONAL
Nombre personal Martin, John C.
245 ## - MENCION DE TITULO
Título Taxonomic revision of the Triaspidine braconid wasps of nearctic America (Hymenoptera)
260 ## - PUBLICACION, DISTRIBUCION, ETC. (PIE DE IMPRENTA)
Lugar de publicación, distribución, etc. Ottawa
Nombre del editor, distribuidor, etc. Canada Department of Agriculture
Fecha de publicación, distribución, etc. 1956
300 ## - DESCRIPCION FISICA
Extensión 157 p.
942 ## - ELEMENTOS ADICIONALES (KOHA)
Tipo de ítem
945 ## - PROCESAMIENTO LOCAL
AAAA-MM-DD - Fecha de ingreso o modificacion 1956
Existencias
Withdrawn status Lost status Damaged status No para préstamo Colección Inventariado Ubicación Permanente Ubicación actual Fecha de adquisición Fuente de Valor Valor Total Checkouts Número topográfico Inventario / Código de Barras Date last seen Ejemplar Price effective from Forma de adquisición Tipo de material
        Entomología Inventariado 2017 Villa de Leyva Villa de Leyva 17/09/2007 Amazon 60000.00   LB-05058 025207 04/12/2012 Ej.1 04/12/2012   Libro